000 02162cam a2200445Ka 4500
001 91531
005 20230410124057.0
006 m d
007 cr un||||a|a||
008 100418s1990 enkacfb s 001 0 eng d
035 _a(OCoLC)ocn607803506
040 _aOCLCE
_beng
_cOCLCE
020 _z0333539664 (CASED)
_cNo price
020 _z9780333539668 (CASED)
020 _z0333489799 (pbk.)
020 _z9780333489796 (pbk.)
035 _a(OCoLC)607803506
043 _anwjm---
050 1 4 _aLE 15
_bS552u 1990
082 0 0 _a378.729
049 _aGRAL
100 1 _aSherlock, Philip Manderson,
_cSir.
245 1 4 _aThe university of the West Indies :
_ba Caribbean response to the challenge of change /
_cPhilip Sherlock, Rex Nettleford.
260 _aLondon :
_bMacmillan Caribbean,
_c1990.
300 _aviii, 315 p., [32] p. of plates :
_bill., ports., maps.;
_c22 cm.
504 _aIncludes index.
500 _aeContent provider-neutral record in process.
500 _aDescription based on print version record.
505 0 _aA place of light, liberry and learning-- Blueprint for a future-- Breaking ground, making history-- Great expectations, hard times-- Lengthening cords, strengthening stakes-- Achieving excellence-- The students- and question time-- The Lewis years: 1959-63-- A mission to perform-- To train every talent we possess (St. Agustine).-- Cave Hill and the Univeersity Centres-- The University comes of age-- The Seventies- the challenging decade-- A question of access-- A question of cost-- A time of testing, a time for reflection: The 40th anniversary- making a difference-- Into the third millenium-- Life begins at forty.
610 2 0 _aUniversity of the West Indies (Mona, Jamaica)
653 _aWest Indies, British
_xPolitics and government
_y20th century.
653 _aWest Indies, British
_xPolítica y gobierno
_ySiglo XX
650 4 _aCJC
650 4 _aColección John Collins
700 1 _aNettleford, Rex M.,
_d1933-2010.
776 1 _cOriginal
_w(OCoLC)59103467
856 4 0 _3Google
_uhttp://books.google.com/books?id=X72fAAAAMAAJ
942 _2lcc
_cbk
994 _aC0
_bDRFGD
999 _c70510
_d70510